Drake & Future 'What A Time To Be Alive' Quiz - Statistics

General Stats
  • This quiz has been taken 173 times
  • The average score is 7 of 11
Answer Stats
Peak Hint Answer % Correct
#12 Track 9 Jumpman
94%
#52 Track 2 Big Rings
72%
#53 Track 4 Diamonds Dancing
71%
#88 Track 11 30 For 30 Freestyle
70%
#62 Track 1 Digital Dash
70%
#87 Track 10 Jersey
68%
#69 Track 5 Scholarships
67%
#78 Track 6 Plastic Bag
61%
#74 Track 3 Live From The Gutter
55%
#82 Track 8 Change Locations
50%
#76 Track 7 I'm The Plug
45%
No matching quizzes found
Score Distribution
Percent of People with Each Score
Percentile by Number Answered
Your Score History
You have not taken this quiz